| 000 | 00730nam a22002057a 4500 | ||
|---|---|---|---|
| 003 | 0 | ||
| 005 | 20250910114034.0 | ||
| 008 | 250910b xxu||||| |||| 00| 0 eng d | ||
| 020 | _a978-0-7303-9529-4 | ||
| 050 |
_aHF 5635 _b.F56 2022 |
||
| 245 |
_aFinancial accounting : _breporting, analysis and decision making / _cShirley Carlon, Rosina McAlpine, Chrisann Lee, Lorena Mitrione, Ngaire Kirk, and Lily Wong. |
||
| 250 | _aSeventh edition. | ||
| 260 |
_aMilton, Gld : _bJohn Wiley & Sons Australia, Ltd, _c2022. |
||
| 300 |
_axvii, 757 pages : _bcolored illustrations ; _c28 cm. |
||
| 504 | _aIncludes index. | ||
| 650 | _aAccounting. | ||
| 650 | _aFinancial statements. | ||
| 650 | _aManagerial accounting. | ||
| 942 |
_2lcc _cBK |
||
| 999 |
_c367867 _d367867 |
||